000 00603nam a2200241Ia 4500
003 OSt
005 20220912151635.0
006 a|||||r|||| 00| 0
007 ta
008 220909b |||||||| |||| 00| 0 eng d
024 _a58036
037 _cTextual
040 _aCSL
_beng
_cCSL
041 _aeng
082 _aI,1132, 113J0
100 _aTischler Georg
245 0 _aDie chromosomenzahlen: der gefasspflanzen mitteleuropas
260 _c1950
300 _a263p.
_ccm.
650 _aBotany
942 _hI,1132, 113J0
_cTEXL
_2CC
999 _c73272
_d73272